Представление документа в формате RUSMARC

ПолеНазваниеЗначение
  Тип записи a
  Библиографический уровень a
001 Контрольный номер RU/CBS_UL/BASE/662298835
005 Дата корректировки 20240209175255.1
100 Данные общей обработки __
a Данные общей обработки 20201226d2020 ||| 0rusy0189 ca
101 Язык документа 0_
a Язык текста rus
102 Страна публикации __
a Страна публикации RU
105 Кодированные данные (монография) __
a Кодированные данные (монография) y###||||000|y
181 Поле кодированных данных: вид содержания _1
a Код вида содержания (ISBD) i#
b Код характеристики содержания (ISBD) #xxe##
d i
g x
h x
i e
182 Поле кодированных данных: тип средства _1
a Код типа средства (ISBD) n
2 Код системы (источник кода, отличный от ISBD) isbdmedia
200 Заглавие и сведения об ответственности 1_
a Заглавие Город-герой Мурманск
b Общее обозначение материала Текст
e Сведения, относящиеся к заглавию [о городе-герое Мурманске, мемориале "Защитникам советского заполярья", памятниках, посвященных Великой Отечественной войне, о Герое Советского Союза А. Бредове, героях Н. Ашуркове и Саше Ковалёве, лучшем лётчике Заполярье Б. Сафонове]
w Текст (визуальный) : непосредственный
203 Вид содержания и тип средства __
a Вид содержания Текст
b Характеристика содержания визуальный
c Тип средства непосредственный
333 Примечание о целевом назначении __
a Примечание о целевом назначении 6+
461 Уровень набора _0
1 2000
a Спасайкин
463 Уровень физической единицы _0
1 001RU/CBS_UL/BASE/662298102
1 2000
a № 6
v С. 7-14
1 210
d 2020
600 Персоналии _0
a Персоналии (Фамилия) Ковалёв
b Персоналии (Имя, инициалы) С.
600 Персоналии _0
a Персоналии (Фамилия) Бредов
b Персоналии (Имя, инициалы) А.
600 Персоналии _0
a Персоналии (Фамилия) Ашурков
b Персоналии (Имя, инициалы) Н.
600 Персоналии _0
a Персоналии (Фамилия) Сафонов
b Персоналии (Имя, инициалы) Б.
606 Тематические рубрики 0_
a Основная рубрика Великая Отечественная война - Города-герои
y Географическая подрубрика Мурманск, город
z Хронологическая подрубрика 1941-1945 гг.
610 Ключевые слова 0_
a Ключевые слова Великая Отечественная война
610 Ключевые слова 0_
a Ключевые слова ВОв
610 Ключевые слова 0_
a Ключевые слова города-герои
686 Индексы других классификаций __
a Классификационный индекс 63.3(2)622.72
2 Код системы rubbk
801 Источник записи _0
a Страна RU
b Организация МБУК ЦБС г. Ульяновска
c Дата составления 20201226
g Правила каталогизации RCR
801 Источник записи _1
a Страна RU
b Организация МБУК ЦБС г. Ульяновска
c Дата составления 20201226
g Правила каталогизации RCR
901 Тип документа __
t Тип документа b
w Контрольный № источника RU/CBS_UL/BASE/662298102
910 Корректоры записи __
a Корректор записи oibd3
938 Служебная информация __
a Имя БД period